书目信息 |
| 题名: |
防水透气织物舒适性
|
|
| 作者: | 戴晋明 编著 | |
| 分册: | ||
| 出版信息: | 北京 中国纺织出版社 2003.06 |
|
| 页数: | 212页 | |
| 开本: | 21cm | |
| 丛书名: | ||
| 单 册: | ||
| 中图分类: | TS101.92 | |
| 科图分类: | ||
| 主题词: | 轻工业 , 手工业 , 手工业史 | |
| 电子资源: | ||
| ISBN: | 7-5064-2626-9 | |
| 000 | 00655nam0 2200229 450 | |
| 001 | 0430895826 | |
| 005 | 20240903091141.30 | |
| 010 | @a7-5064-2626-9@dCNY35.00 | |
| 100 | @a20040316d2003 km y0chiy0120 ea | |
| 101 | 0 | @achi |
| 102 | @aCN@b110000 | |
| 200 | 1 | @a防水透气织物舒适性@Afang shui tou qi zhi wu shu shi xing@f戴晋明等编著@Fdai jin ming deng bian zhu |
| 210 | @a北京@c中国纺织出版社@d2003.06 | |
| 215 | @a212页@d21cm | |
| 300 | @a纺织新技术书库(40) | |
| 606 | 0 | @a轻工业 |
| 606 | 0 | @a手工业 |
| 606 | 0 | @a手工业史 |
| 690 | @aTS101.92@v4 | |
| 701 | 0 | @a戴晋明@Adai jin ming@4编著 |
| 801 | 0 | @aCN@bPFT@c20040316 |
| 905 | @aBZT@dTS101.92@e1@f8 | |
| 防水透气织物舒适性/戴晋明等编著.-北京:中国纺织出版社,2003.06 |
| 212页;21cm |
| 纺织新技术书库(40) |
| ISBN 7-5064-2626-9:CNY35.00 |
| ● |
| 相关链接 |
|
|
|
正题名:防水透气织物舒适性
索取号:TS101.92/1
 
预约/预借
| 序号 | 登录号 | 条形码 | 馆藏地/架位号 | 状态 | 备注 |
| 1 | 2001061811 | 2001061811 | 样本书库/样008架B面2层1列/ [索取号:TS101.92/1] | 在馆 | |
| 2 | 359909 | 230075833 | 中心书库中库/ 中库025架B面1列3层23/ [索取号:TS101.92/1] | 在馆 | |
| 3 | 359910 | 230075831 | 中心书库中库/ 中库025架B面1列3层24/ [索取号:TS101.92/1] | 在馆 | |
| 4 | 359911 | 230075830 | 中心书库中库/ 中库025架B面1列3层26/ [索取号:TS101.92/1] | 在馆 | |
| 5 | 359912 | 230075832 | 中心书库中库/ 中库025架B面1列3层22/ [索取号:TS101.92/1] | 在馆 | |
| 6 | 359913 | 230075834 | 中心书库中库/ 中库025架B面1列3层20/ [索取号:TS101.92/1] | 在馆 | |
| 7 | 359914 | 230075835 | 中心书库中库/ 中库025架B面1列3层25/ [索取号:TS101.92/1] | 在馆 | |
| 8 | 359915 | 230075836 | 中心书库中库/ 中库025架B面1列3层21/ [索取号:TS101.92/1] | 在馆 |